000 00646nam a2200193 i 4500
001 103891
003 ES-MaACL
005 20250827062618.0
007 t|
008 051121s1962 sp ||||1| spa d
110 1 _aEspaña
_93622
240 0 _aLeyes, etc., penales
245 1 0 _aLeyes penales militares
_b: apéndice... (legislación complementaria promulgada desde 1959 a 1962) /
_c[por... Rafael Díaz-Llanos Lecuona].
260 _aMadrid :
_bLibrería General Militar,
_c1962.
300 _a74 p. ;
_c17 cm.
700 1 _aDíaz-Llanos y Lecuona, Rafael.
_944325
852 _aES-MaACL
_j2054-F-13
_bR.62211
999 _c103891
_d103891